Statistics for All 4-Letter Scrabble Words Starting with “N”

Click here to take the quiz!

General Stats

  • This quiz has been taken 78 times
  • The average score is 51 of 105

Answer Stats

Word% Correct
nits
90%
name
90%
note
88%
nope
84%
nine
84%
news
84%
near
84%
nose
82%
need
82%
nuns
82%
nest
82%
neat
80%
nape
80%
naps
80%
none
80%
nick
78%
nice
78%
nabs
78%
noon
76%
nuts
76%
nets
76%
nail
76%
nags
76%
nods
76%
node
70%
nite
70%
null
68%
nerd
66%
neck
66%
nows
66%
nana
66%
noun
64%
neem
64%
neep
62%
nans
62%
nave
62%
nill
60%
nibs
60%
nubs
60%
nobs
60%
nock
58%
nils
58%
nosh
58%
nome
58%
newt
56%
nays
56%
nuke
56%
nogs
54%
narc
54%
nabe
54%
numb
54%
nard
52%
nark
50%
norm
50%
neap
50%
ness
48%
next
48%
naan
46%
negs
44%
noms
44%
neon
42%
nook
42%
nide
40%
napa
40%
naff
38%
nova
36%
nary
36%
nosy
36%
navy
36%
neve
36%
nebs
36%
nona
34%
nene
34%
nigh
34%
nodi
34%
nett
32%
noes
32%
nota
30%
nims
30%
nous
28%
naos
26%
noel
26%
nema
24%
naif
22%
naoi
20%
nala
16%
nowt
16%
nori
16%
noma
16%
nevi
16%
nolo
16%
neuk
14%
nada
14%
nidi
12%
noir
12%
neum
12%
nurl
12%
nipa
12%
nurd
12%
nixy
10%
noil
10%
nisi
8%
nixe
8%
nogg
8%
neif
2%

Score Distribution

Percentile by Number Answered

Percent of People with Each Score

Your Score History

You have not taken this quiz